| 000 | 01411cam a2200349I 4500 | ||
|---|---|---|---|
| 003 | data | ||
| 005 | 20260322212058.0 | ||
| 008 | data | ||
| 019 | _a213300768 | ||
| 020 | _a0312370849 | ||
| 020 | _a9780312370848 | ||
| 040 |
_aCRM _cCRM _dUtOrBLW _dBAKER _dEUF _dWIQ _dYDXCP _dF4B _dUPZ _dOSU _dUtOrBLW |
||
| 049 | _aOSUU | ||
| 050 | 4 |
_aPR9105.9.R66 _bS27 2008 |
|
| 082 | 0 | 4 |
_a823/.914 _222 |
| 099 | _aROSNAT | ||
| 100 | 1 |
_aRosnay, Tatiana de, _d1961- |
|
| 245 | 1 | 0 |
_aSarah's key / _cTatiana de Rosnay. |
| 260 |
_aNew York : _bSt. Martin's Griffin, _c2008, c2007. |
||
| 300 |
_a293 p. ; _c21 cm. |
||
| 500 | _aIncludes readers' guide. | ||
| 520 | _aOn the sixtieth anniversary of the 1942 roundup of Jews by the French police in the Vel d'Hiv section of Paris, American journalist Julia Jarmond is asked to write an article on this dark episode during World War II and embarks on an investigation that leads her to long-hidden family secrets and to the ordeal of Sarah, a young girl caught up in the raid. | ||
| 650 | 0 |
_aJews _zFrance _vFiction. |
|
| 650 | 0 |
_aWorld War, 1939-1945 _zFrance _xAnniversaries, etc. _vFiction. |
|
| 650 | 0 |
_aAmericans _zFrance _vFiction. |
|
| 650 | 0 |
_aWomen authors _vFiction. |
|
| 650 | 0 |
_aFamily secrets _vFiction. |
|
| 651 | 0 |
_aFrance _xHistory _yGerman occupation, 1940-1945 _vFiction. |
|
| 651 | 0 |
_aParis (France) _vFiction. |
|
| 655 | 7 |
_aHistorical fiction. _2gsafd. |
|
| 001 | data | ||
| 999 |
_c1397 _d1397 |
||